Earth sheltered housing design / (Record no. 3658)

000 -LEADER
fixed length control field nam a22 7a 4500
005 - DATE AND TIME OF LATEST TRANSACTION
control field 20170523144731.0
008 - FIXED-LENGTH DATA ELEMENTS--GENERAL INFORMATION
fixed length control field 170523b1985 ny ||||| |||| 00| 0 eng d
020 ## - INTERNATIONAL STANDARD BOOK NUMBER
International Standard Book Number 0442287461 (pbk.) :
Terms of availability $18.95
020 ## - INTERNATIONAL STANDARD BOOK NUMBER
International Standard Book Number 0442287488 (hard) :
Terms of availability $24.95
040 ## - CATALOGING SOURCE
Original cataloging agency AKMAL
082 ## - DEWEY DECIMAL CLASSIFICATION NUMBER
Classification number 690.38 CAR
090 ## - LOCALLY ASSIGNED LC-TYPE CALL NUMBER (OCLC); LOCAL CALL NUMBER (RLIN)
Classification number (OCLC) (R) ; Classification number, CALL (RLIN) (NR) 690.38
Local cutter number (OCLC) ; Book number/undivided call number, CALL (RLIN) CAR
100 1# - MAIN ENTRY--PERSONAL NAME
Personal name Carmody, John.
9 (RLIN) 7232
245 10 - TITLE STATEMENT
Title Earth sheltered housing design /
Statement of responsibility, etc. John Carmody, Raymond Sterling ; Underground Space Center, University of Minnesota
250 ## - EDITION STATEMENT
Edition statement 2nd ed.
260 ## - PUBLICATION, DISTRIBUTION, ETC.
Place of publication, distribution, etc. New York :
Name of publisher, distributor, etc. Van Nostrand Reinhold,
Date of publication, distribution, etc. c1985
300 ## - PHYSICAL DESCRIPTION
Extent 350 p. :
Other physical details ill. ;
Dimensions 21 x 27 cm
500 ## - GENERAL NOTE
General note Rev. ed. of: Earth sheltered housing design / Underground Space Center, University of Minnesota. 1979.
500 ## - GENERAL NOTE
General note Includes index.
504 ## - BIBLIOGRAPHY, ETC. NOTE
Bibliography, etc. note Includes bibliography.
650 #0 - SUBJECT ADDED ENTRY--TOPICAL TERM
Topical term or geographic name entry element Earth sheltered houses
General subdivision Design and construction
9 (RLIN) 7230
700 1# - ADDED ENTRY--PERSONAL NAME
Personal name Sterling, Raymond.
9 (RLIN) 7229
710 2# - ADDED ENTRY--CORPORATE NAME
Corporate name or jurisdiction name as entry element University of Minnesota.
Subordinate unit Underground Space Center.
9 (RLIN) 7233
942 ## - ADDED ENTRY ELEMENTS (KOHA)
Source of classification or shelving scheme
Koha item type Book
Holdings
Withdrawn status Lost status Source of classification or shelving scheme Damaged status Not for loan Collection code Home library Current library Shelving location Date acquired Inventory number Total Checkouts Full call number Barcode Date last seen Price effective from Koha item type
          NON-FICTION AKMAL Melaka AKMAL Melaka PINJAMAN 23.05.2017 600880   690.38 CAR 201704728 23.05.2017 23.05.2017 Book
Pusat Sumber Maklumat Dato' Haji Sarmin Md Hussin, Akademi Kastam Diraja Malaysia, Melaka
Tel: 06-2331106 | Faks: 06-2313787